Дети подземелья (Запись № 13739786)
[ простой вид ]
| 000 -МАРКЕР | |
|---|---|
| контрольное поле | 01993njm0a2200433 4500 |
| 001 - ИДЕНТИФИКАТОР ЗАПИСИ | |
| контрольное поле | RU\NLR\BIBL_A\010847037 |
| 005 - ИДЕНТИФИКАТОР ВЕРСИИ | |
| контрольное поле | 20260628160605.0 |
| 021 ## - НОМЕР ГОСУДАРСТВЕННОЙ РЕГИСТРАЦИИ | |
| Код страны | |
| 035 ## - ДРУГИЕ СИСТЕМНЫЕ НОМЕРА | |
| Идентификатор записи | (NLR Aleph) 010847037 |
| 100 ## - ДАННЫЕ ОБЩЕЙ ОБРАБОТКИ | |
| Данные общей обработки | 20150610d2014 d y0rusy50 ca |
| 101 0# - ЯЗЫК РЕСУРСА | |
| Язык текста, звукозаписи и т.д. | русский |
| 102 ## - СТРАНА ПУБЛИКАЦИИ ИЛИ ПРОИЗВОДСТВА | |
| Страна публикации | Российская Федерация |
| 106 ## - ПОЛЕ КОДИРОВАННЫХ ДАННЫХ: ТЕКСТОВЫЕ РЕСУРСЫ – ФОРМА | |
| Форма ресурса: кодированные данные: обозначение носителя | s |
| 135 ## - ПОЛЕ КОДИРОВАННЫХ ДАННЫХ: ЭЛЕКТРОННЫЕ РЕСУРСЫ | |
| Кодированные данные для электронного ресурса | aouga|||||||| |
| 200 1# - ЗАГЛАВИЕ И СВЕДЕНИЯ ОБ ОТВЕТСТВЕННОСТИ | |
| Основное заглавие | Дети подземелья |
| Общее обозначение материала | Электронный ресурс |
| Сведения, относящиеся к заглавию | аудиокнига |
| Первые сведения об ответственности | В. Г. Короленко |
| Последующие сведения об ответственности | читает засл. артист РФ Владимир Левашев |
| -- | звукорежиссеры Елена Ланцова, Сергей Нечитайло |
| 210 ## - ПУБЛИКАЦИЯ, РАСПРОСТРАНЕНИЕ И ДР. | |
| Место издания, распространения и т.д. | Москва |
| Имя издателя, распространителя и т. д. | АРДИС дистрибуция |
| Дата издания, распространения и т.д. | 2014 |
| 215 ## - ФИЗИЧЕСКАЯ ХАРАКТЕРИСТИКА | |
| Специфическое обозначение материала и объем | 1 электрон. опт. диск (CD-ROM) |
| Другие сведения о физической характеристике | зв. |
| Размеры | 12 |
| 225 1# - СЕРИЯ | |
| Основное заглавие серии | Детская аудиокнига |
| 230 ## - ОБЛАСТЬ СПЕЦИФИЧЕСКИХ СВЕДЕНИЙ: ЭЛЕКТРОННЫЕ РЕСУРСЫ | |
| Обозначение и объем ресурса | Электрон. аудиоизд. (293 Мб) |
| 300 ## - ОБЩИЕ ПРИМЕЧАНИЯ | |
| Текст примечания | Загл. с титул. экрана |
| 337 ## - ПРИМЕЧАНИЕ О СИСТЕМНЫХ ТРЕБОВАНИЯХ (ЭЛЕКТРОННЫЕ РЕСУРСЫ) | |
| Текст примечания | Систем. требования: IBM совместимый компьютер с процессором Pentium 133 MHz ; 32 Мб RAM ; Windows 95/NT ; видеоадаптер SVGA 800x600 |
| 610 0# - НЕКОНТРОЛИРУЕМЫЕ ПРЕДМЕТНЫЕ ТЕРМИНЫ | |
| Предметный термин | аудиокниги |
| 610 0# - НЕКОНТРОЛИРУЕМЫЕ ПРЕДМЕТНЫЕ ТЕРМИНЫ | |
| Предметный термин | детская литература |
| 610 0# - НЕКОНТРОЛИРУЕМЫЕ ПРЕДМЕТНЫЕ ТЕРМИНЫ | |
| Предметный термин | русская детская литература |
| 675 ## - УНИВЕРСАЛЬНАЯ ДЕСЯТИЧНАЯ КЛАССИФИКАЦИЯ (UDC/УДК) | |
| Индекс | 821.161.1-93 |
| Издание | 3 |
| 686 ## - ИНДЕКСЫ ДРУГИХ КЛАССИФИКАЦИЙ | |
| Индекс | 17.82.93 |
| Код системы | |
| 686 0# - ИНДЕКСЫ ДРУГИХ КЛАССИФИКАЦИЙ | |
| Индекс | Ш9(2)60=Р5-4 |
| 700 #1 - ИМЯ ЛИЦА - ПЕРВИЧНАЯ ОТВЕТСТВЕННОСТЬ | |
| Графика поля | Кириллица |
| Материалы, к которым относится поле | rus |
| Начальный элемент ввода | Короленко |
| Часть имени, кроме начального элемента ввода | В. Г. |
| Даты | 1853-1921 |
| Расширение инициалов личного имени | Владимир Галактионович |
| Системный номер авторитетной/нормативной записи | 520 |
| Идентификатор авторитетной/нормативной записи | RU\NLR\AUTH\7717433 |
| 702 #1 - ИМЯ ЛИЦА - ВТОРИЧНАЯ ОТВЕТСТВЕННОСТЬ | |
| Код отношения | Диктор |
| Начальный элемент ввода | Левашев |
| Часть имени, кроме начального элемента ввода | В. С. |
| Даты | 1950- |
| Расширение инициалов личного имени | Владимир Сергеевич |
| Системный номер авторитетной/нормативной записи | 158403 |
| Идентификатор авторитетной/нормативной записи | RU\NLR\AUTH\770158444 |
| 702 #1 - ИМЯ ЛИЦА - ВТОРИЧНАЯ ОТВЕТСТВЕННОСТЬ | |
| Начальный элемент ввода | Ланцова |
| Часть имени, кроме начального элемента ввода | Е. |
| Расширение инициалов личного имени | Елена |
| Код отношения | Режиссер, Театральный режиссер |
| 801 #0 - ИСТОЧНИК ЗАПИСИ | |
| Страна | Российская Федерация |
| Организация | НТЦ Информрегистр |
| Дата составления | 20150610 |
| 801 #1 - ИСТОЧНИК ЗАПИСИ | |
| Страна | Российская Федерация |
| Организация | НТЦ Информрегистр |
| Дата составления | 20150610 |
| 942 ## - ДОПОЛНИТЕЛЬНЫЕ ЭЛЕМЕНТЫ ЗАПИСИ (АБИС) | |
| Тип экземпляра АБИС | Звукозапись |
| 980 ## - КОЛЛЕКЦИЯ | |
| Название коллекции | Национальная библиография |
Нет доступных экземпляров.